LEADER 01325nam a2200301 u 4500 001 000000068036 003 CaOOAMICUS 005 20070226121744.0 008 020228q1993 it u000 u ita u 035 $a10922124 040 $aPUL(R)$bita 245 00$aBicentenario della nascita di Papa Pio IX (1792-1992) :$bAtti senigalliesi : aprile 1992 - maggio 1993 /$ca cura di Angelo Mencucci, Manlio Brunetti. 246 3 $aAtti senigalliesi 260 $a[S. l. :$bs. n.],$c1993] 300 $a363 p. :$bill. ;$c24 cm 504 $aBibliografia in nota. 600 04$aPius PP.$bIX,$cb.,$d1792-1878.$0(OLS)http://pul/subject/684 850 $aPUL 852 $aPUL$W1$xSL Filosofia 1$y2$m112 F 52$j88049$nBK-PRI$b $qStampati$B88049$CPULBib$Z2$F88049 $H $81 941 1 $a8 960 $aPapi (1846-1878 : Pius PP. IX)$9684 960 $aPapi (1846-1878 : Pius PP. IX)$9684 960 $aPio$bIX,$cb.,$d1792-1878$9684 960 $aMastai Ferretti, Giovanni Maria,$d1792-1878$9684 961 $aINV: 71628 996 $6245$aBicentenario della nascita di Papa Pio IX (1792-1992) :$bAtti senigalliesi : aprile 1992 - maggio 1993$9(OLS)http://pul/title/90082 996 $6246$aAtti senigalliesi$9(OLS)http://pul/title/90083 996 $6260$a[S. l. :$bs. n.]$9(OLS)http://pul/publisher/47882 LEADER 01480nam a2200313 u 4500 001 000000079234 003 CaOOAMICUS 005 20070226123521.0 008 040528s1999 it u000 u ita u 020 $a8846415736 035 $a10997162 040 $aPUL$bita 245 02$aI classici della pedagogia :$batti del seminario del Cirse, Cassino, 3-4 dicembre 1997 /$ca cura di Giacomo Cives, Giovanni Genovesi, Paolo Russo. 260 $aMilano :$bF. Angeli,$cc1999. 300 $a143 p. ;$c22 cm 490 1 $aCultura, scienza e società ;$v2 504 $aComprende bibliografia. 650 4$aPedagogia$xDidattica.$0(OLS)http://pul/subject/14925 700 1 $aCives, Giacomo,$d1927-$0(OLS)http://pul/name/9138 700 1 $aRusso, Paolo.$0(OLS)http://pul/name/52777 700 1 $aGenovesi, Giovanni.$0(OLS)http://pul/name/48698 710 2 $aCentro Italiano per la Ricerca Storico-Educativa.$0(OLS)http://pul/name/52778 830 0$aCultura, scienza e società ;$v2.$0(OLS)http://pul/title/103735 850 $aPUL 852 $aPUL$W1$xSL Diritto e Scienze Sociali 3$y79$m370. 945 CIVGI 1$j101437$nBK-PRI$b $qDDC 21$B101437$CPULBib$Z2$F101437 $HPUL95210 $81 941 1 $a9 996 $6020$a8846415736$9(OLS)http://pul/number/104063 996 $6245$aI classici della pedagogia :$batti del seminario del Cirse, Cassino, 3-4 dicembre 1997$9(OLS)http://pul/title/103734 996 $6260$aMilano :$bF. Angeli$9(OLS)http://pul/publisher/48323